| 000 | 00954nam a22002655a 4500 | ||
|---|---|---|---|
| 005 | 20151220113247.0 | ||
| 008 | 151220t2002 pau frb f001 0 eng d | ||
| 020 | _a9780271022512 | ||
| 020 | _a0271022744 | ||
| 040 |
_aEG-ScBUE _beng _cEG-ScBUE |
||
| 043 | _acl----- | ||
| 082 | 0 | 4 |
_222 _a305.42098 _bKAM |
| 100 | 1 |
_938756 _aKampwirth, Karen, _d1964- |
|
| 245 | 1 | 0 |
_aWomen & guerrilla movements : _bNicaragua, El Salvador, Chiapas, Cuba / _cKaren Kampwirth. |
| 246 | 3 |
_aWomen and guerrilla movements : _bNicaragua, El Salvador, Chiapas, Cuba |
|
| 260 |
_aPennsylvania : _bThe Pennsylvania State University Press, _cc.2002. |
||
| 300 |
_ax, 194 p. ; _c23 cm. |
||
| 500 | _aIndex : p. 187-194. | ||
| 504 | _aBibliography : p. 157-185. | ||
| 650 |
_2BUEsh _aWomen _xPolitical activity _zLatin America |
||
| 650 |
_aWomen revolutionaries _zLatin America _vInterviews. |
||
| 653 |
_bBUSBOL _cDecember2015 |
||
| 655 |
_vReading book _934232 |
||
| 942 | _2ddc | ||
| 999 |
_c21119 _d21091 |
||